000 00669nam a22001697a 4500
005 20241009140806.0
008 241009b ||||| |||| 00| 0 eng d
040 _cSSBUL
082 _223
_a၂၉၄.၃၅ ဉာ
_b၁၃၁၆၁ S-SAT
100 0 _aဉာဏဓဇ၊ ဦး
_954968
245 1 _aသာသနာ့ကာကွယ်ရေး /
_bဦးဉာဏဓဇ။
260 _aရန်ကုန် ၊
_bသာသနာရေးဦးစီး၊
_c၂၀၁၀။
300 _aင၊ ၁၀၂ စာမျက်နှာ ၊
_b၁၇ စင်တီ။
500 _aS-SAT: Dr. Sai Aung Tun
650 _aဗုဒ္ဓစာပေ
942 _2ddc
_cBK1
999 _c40956
_d40956